000 00316nam a2200121Ia 4500
008 230411s9999 xx 000 0 und d
041 _aeng
082 _aAN/611/JOS/B05236
100 _aJoshi V
_9112973
245 _aSharirkriyashastra V Sharirrachanashastra
260 _aMumbai
_c2003
999 _c155759
_d155759